00578nam a2200181 a 450000500170000000800410001702000180005805000240007610000200010024500860012025000120020626000560021830000220027452100090029665000100030565000290031565000520034420140310183450.0090109s19uu xx 00 eng d a9780814480663 aHD 58.6b.Ac27 2008 aAcuff, Frank L. aHow to negotiate anything with anyone anywhere around the world /cFrank L. Acuff a3rd ed. aNew York :bAmerican Management Association,c2008. a306 p. :c23 cm.  aBSBA aBSBA. aNegotiation in business. aInternational business enterprisesxManagement.